Die Fotografische Sammlung Poche (Aleppo, Syrien)
| Titel: | Die Fotografische Sammlung Poche (Aleppo, Syrien) : konservatorische Aufarbeitung / Eva Glück... |
|---|---|
| Verfasser: | |
| In: |
Rundbrief Fotografie, Band 12, Heft 2 (2005), Seite 5-10 alle Artikel anzeigen |
| Veröffentlicht: | 2005 |
| Format: | Aufsatz |
X
alg: 44199291 001A $03036:30-01-19 001B $01999:30-01-19 $t23:08:28.000 001D $03036:30-01-19 001U $0utf8 001X $00 002@ $0Aox 003@ $0441992919 007A $0441992919 $aHEB 007T $0ArchMa09171 011@ $a2005 021A $aDie @Fotografische Sammlung Poche (Aleppo, Syrien) $dkonservatorische Aufarbeitung $hEva Glück... 028A $aGlück $dEva 031A $d12 $e2 $h5-10 $j2005 039B $aIn $8--Abvc--. Rundbrief Fotografie. - Berlin : Deutscher Kunstverlag, 1993-. - ISSN 0945-0327 $x200500000120002995 $9048641111 045T $a9,11 $a24,1 lok: 44199291 105 exp: 44199291 105 1 #EPN 201B/01 $030-01-19 $t14:56:25.000 201C/01 $030-01-19 201U/01 $0utf8 203@/01 $01042367701 208@/01 $a13-12-18 $be 209A/01 $a/ $f106 $x00 244Z/01 $aSyrien $x01 245Z/01 $a2.16.04.03. $bArchivwissenschaft und Archivtheorie / Archivaliengattungen / Bild- und Tonträger / Fotos $x01 245Z/01 $a5.01.02. $bArchivwesen außerhalb Europas / Archivwesen weltweit / Einzelne Länder $x02 247C/01 $8->Marburg, Bibliographie zum Archivwesen der Archivschule Marburg $939588196X
| LEADER | 00000caa a22000002c 4500 | ||
|---|---|---|---|
| 001 | 441992919 | ||
| 003 | DE-603 | ||
| 005 | 20190130230828.0 | ||
| 007 | tu | ||
| 008 | 190130s2005 xx |||| | u00||u|und c | ||
| 035 | |a (DE-599)HEB441992919 | ||
| 040 | |a DE-603 |b ger |c DE-603 |d DE-603 | ||
| 084 | |a 9,11 |a 24,1 |2 ssgn | ||
| 100 | 1 | |a Glück, Eva | |
| 245 | 0 | 0 | |a Die Fotografische Sammlung Poche (Aleppo, Syrien) |b konservatorische Aufarbeitung |c Eva Glück... |
| 264 | 0 | |c 2005 | |
| 773 | 0 | 8 | |i In |t Rundbrief Fotografie |d Berlin : Deutscher Kunstverlag, 1993- |h 30 cm |x 0945-0327 |g Band 12, Heft 2 (2005), Seite 5-10 |w (DE-603)048641111 |w (DE-600)1176458-2 |
| 924 | 0 | |9 - |a (DE-603)1042367701 |b DE- |c HES |d d |g / | |